000 00451nam a2200157Ia 4500
008 210716s2011 xx 000 0 und d
020 _a9788184045222
041 _aeng
082 _a004.607 CROD
100 _aCrockford, Douglas.
245 _aJavascript: the good parts.
_bGood parts.
250 _a1
260 _aMumbai
_bShroff Publishers and Distributors Pvt Ltd
_c2011
300 _axiii,153,2
650 _aHTML & XDHTML,Javascript, perlCEL
999 _c192534
_d192534